The foundations of land ownership (Record no. 84863)
[ view plain ]
| 000 -LEADER | |
|---|---|
| fixed length control field | 00988cab a22002175a 4500 |
| 001 - CONTROL NUMBER | |
| control field | L159286 |
| 008 - FIXED-LENGTH DATA ELEMENTS--GENERAL INFORMATION | |
| fixed length control field | 160505e20160416xxk 000 0 eng d |
| 035 ## - SYSTEM CONTROL NUMBER | |
| System control number | (Sirsi) u159286 |
| 041 0# - LANGUAGE CODE | |
| Language code of text/sound track or separate title | eng |
| 100 1# - MAIN ENTRY--PERSONAL NAME | |
| Personal name | Hopkins, Nicholas |
| 245 04 - TITLE STATEMENT | |
| Title | The foundations of land ownership |
| 260 ## - PUBLICATION, DISTRIBUTION, ETC. | |
| Date of publication, distribution, etc. | 2016 |
| 490 ## - SERIES STATEMENT | |
| Series statement | Estates Gazette |
| Volume/sequential designation | (1615) 16 April 2016, 105(1) |
| 520 ## - SUMMARY, ETC. | |
| Summary, etc. | A summary of key issues being explored in a Law Commission consultation on land registration reform. Points out that the Land Registration Act 2002 covers the 86% of land which is now registered and the Law Commission is now reviewing the Act in light of experience with the Act?s operation since October 2003 with the aim being to update the Act within its existing legal framework. Responses to the consultation should be submitted by 30 June 2016. |
| 590 ## - LOCAL NOTE (RLIN) | |
| Local note | KA |
| 651 #4 - SUBJECT ADDED ENTRY--GEOGRAPHIC NAME | |
| Geographic name | United Kingdom |
| 690 ## - LOCAL SUBJECT ADDED ENTRY--TOPICAL TERM (OCLC, RLIN) | |
| Topical term or geographic name as entry element | Land use |
| 9 (RLIN) | 6251 |
| 690 ## - LOCAL SUBJECT ADDED ENTRY--TOPICAL TERM (OCLC, RLIN) | |
| Topical term or geographic name as entry element | Planning and development |
| 9 (RLIN) | 6259 |
| 700 1# - ADDED ENTRY--PERSONAL NAME | |
| Personal name | Dawe, Sarah |
| 942 ## - ADDED ENTRY ELEMENTS (KOHA) | |
| Suppress in OPAC | 0 |
| Withdrawn status | Lost status | Source of classification or shelving scheme | Damaged status | Not for loan | Home library | Current library | Shelving location | Date acquired | Total Checkouts | Full call number | Barcode | Date last seen | Copy number | Price effective from | Koha item type |
|---|---|---|---|---|---|---|---|---|---|---|---|---|---|---|---|
| Dewey Decimal Classification | London | London | Journal article | 05/05/2016 | L159286 | 159286-1001 | 06/08/2019 | 1 | 06/08/2019 | Journal article |